000 00719nam a22002657a 4500
001 3149
003 FISKH
005 20251010110227.0
008 240214b cb ||||| |||| 00| 0 eng d
020 _a9780545152297
040 _aFISKH
_beng
_cFISKH
_dFISKH
050 _aPZ7
082 _a678
100 _aNelson, May
245 _aBend it, stretch it :
_bRubber /
_cby May Nelson
260 _aNew York :
_bScholastic ,
_c2008
300 _a28 pages :
_bcolor illustrations ;
_c22 cm .
490 _a Investigate Materials
505 _aG
521 8 _a390
_bLexile
521 8 _aG
_bRaz-Plus
650 _arubber
_vnon-fiction
700 _aLam, Amy
_ecover designer
942 _2ddc
_cBK
_n0
999 _c3149
_d3149